Codex Iuris Canonici auctoritate Ioannis Pauli PP. II promúlgatus
Guardat en:
| Format: | Llibre |
|---|---|
| Idioma: | italià |
| Publicat: |
Ciudad del Vaticano
Libreria Editrice Vaticana
1983
|
| Matèries: | |
| Etiquetes: |
Afegir etiqueta
Sense etiquetes, Sigues el primer a etiquetar aquest registre!
|
MARC
| LEADER | 00000nam a2200000 a 4500 | ||
|---|---|---|---|
| 001 | UCM9273 | ||
| 003 | CL-VaPUC | ||
| 008 | 030417e19830000VC |||||||||||||||||ita|d | ||
| 082 | 0 | 4 | |a 262.94 |b COD |2 21 |
| 245 | 1 | 0 | |a Codex Iuris Canonici auctoritate Ioannis Pauli PP. II promúlgatus |
| 300 | |a 317 p | ||
| 942 | |c BK | ||
| 945 | |d 20030417 00:00:00 |a cmena | ||
| 260 | |a Ciudad del Vaticano |b Libreria Editrice Vaticana |c 1983 | ||
| 600 | 0 | |a Iglesia católica |9 255129 | |
| 650 | 7 | |a DERECHO CANONICO |2 CL-VaPUC |9 475703 | |
| 583 | |a last modification |c 20030417 00:00:00 |k Rodrigo Vera | ||
| 999 | |c 303596 |d 303594 | ||
| 952 | |0 0 |1 0 |4 0 |6 262_940000000000000_COD_1983 |7 0 |8 DER_HDC |9 365039 |a BIBDER |b BIBDER |d 2019-11-21 |i 389729K |l 1 |o 262.94 COD 1983 |p 389729K |r 2023-01-25 |s 2020-03-19 |w 2019-11-21 |x Ubicación 4to Piso |y BK |z Estos recursos deben solicitarse con anticipación |k DER | ||